Normal view
MARC view
Entry Personal Name
001 - CONTROL NUMBER
- control field: 2543
003 - CONTROL NUMBER IDENTIFIER
- control field: BD-RjUL
005 - DATE AND TIME OF LATEST TRANSACTION
- control field: 20220419094423.0
008 - FIXED-LENGTH DATA ELEMENTS
- fixed length control field: 220419|| aca||aabn | a|a d
040 ## - CATALOGING SOURCE
- Original cataloging agency: BD-RjUL
- Transcribing agency: BD-RjUL
100 ## - HEADING--PERSONAL NAME
- Personal name: bakr, as-sayid ya'qub = بكر، السيد يعقوب
670 ## - SOURCE DATA FOUND
- Source citation: Work cat.: (BD-RjUL)79721: bakr, as-sayid ya'qub = بكر، السيد يعقوب, دراسات مقارنة في المعجم العربي / = Comparative studies in the Arabic lexicon /, ١٩٧٠